| 000 | 00530nam a2200205Ia 4500 | ||
|---|---|---|---|
| 005 | 20241015011729.0 | ||
| 008 | 240331s9999 xx 000 0 und d | ||
| 020 | _a0807842516 | ||
| 082 |
_bWOM _a820 |
||
| 245 | 0 | _aWomen's writing in exile | |
| 260 |
_aChapel Hill _bThe university of North Carolina Press _c1989 |
||
| 300 | _axii, 442 p ., | ||
| 650 | _aEnglish Literature | ||
| 650 | _aHistory | ||
| 650 | _aCriticism | ||
| 650 | _aWomen | ||
| 700 |
_aBroe, Lynn Mary _eedt |
||
| 700 |
_aIngram, Angela _eedt |
||
| 942 | _cL | ||
| 999 |
_c3162 _d3162 |
||